Loading...
| Religion | 0 | 7 | 1 | 3 | 65 | 90 | 110.43 | 0 | 4 | 0.00 | 0.00 |
| History - World | 0 | 6 | 0 | 1 | 60 | 68 | 96.33 | 0 | 5 | 0.00 | 0.00 |
| Literature - American | 0 | 5 | 1 | 2 | 45 | 109 | 128.20 | 0 | 0 | 0.00 | 0.00 |
| Philosophy | 0 | 4 | 0 | 2 | 40 | 108 | 120.00 | 0 | 3 | 0.00 | 0.00 |
| Literature - World | 0 | 4 | 0 | 1 | 40 | 94 | 111.25 | 0 | 4 | 0.00 | 0.00 |
| Social Science | 0 | 3 | 1 | 0 | 25 | 70 | 89.00 | 1 | 2 | 0.00 | 0.00 |
| Literature - British | 0 | 2 | 0 | 0 | 20 | 133 | 133.00 | 0 | 0 | 0.00 | 0.00 |
| Fine Arts - Other | 0 | 2 | 0 | 0 | 20 | 107 | 112.00 | 0 | 2 | 0.00 | 0.00 |
| History - American | 0 | 3 | 2 | 0 | 20 | 56 | 89.00 | 1 | 3 | 0.00 | 0.00 |
| Fine Arts - Painting and Sculpture | 0 | 1 | 0 | 0 | 10 | 142 | 142.00 | 0 | 0 | 0.00 | 0.00 |
| History - European | 0 | 2 | 2 | 0 | 10 | 50 | 75.50 | 0 | 1 | 0.00 | 0.00 |
| History - Other | 0 | 2 | 2 | 1 | 10 | 82 | 110.00 | 1 | 2 | 0.00 | 0.00 |
| Geography | 0 | 1 | 0 | 1 | 10 | 126 | 126.00 | 0 | 0 | 0.00 | 0.00 |
| Current Events | 0 | 1 | 0 | 0 | 10 | 114 | 114.00 | 0 | 1 | 0.00 | 0.00 |
| Fine Arts - Classical Music | 0 | 1 | 1 | 0 | 5 | 113 | 113.00 | 0 | 0 | 0.00 | 0.00 |
| Other Academic | 0 | 0 | 0 | 0 | 0 | 0.00 | 0 | 0 | 0.00 | 0.00 | |
| Literature - European | 0 | 1 | 3 | 0 | -5 | 120 | 120.00 | 0 | 1 | 0.00 | 0.00 |